مجلة القانون والتكنولوجيا : (Record no. 30613)
[ view plain ]
| 000 -فاتح التسجيلة | |
|---|---|
| الفاتح | 01932nas a22003731i 4500 |
| 003 - رقم تعريف التحكم | |
| رقم تعريف النظام | EG-ScBUE |
| 005 - تاريخ/وقت أخر معالجة | |
| حقول الضبط | 20240122152615.0 |
| 008 - عناصر البيانات ثابتة الطول | |
| حقول الضبط | 240122c20219999ua fr pd ||| 00| f0ara d |
| 022 ## - تدمد | |
| تدمد | 25352237 (print) |
| 022 ## - تدمد | |
| تدمد | 25352245 (online) |
| 040 ## - مصدر الفهرسة | |
| مصدر الفهرسة الأصلية | EG-ScBUE |
| رمز لغة الفهرسة | ara |
| قواعد الوصف | rda |
| هيئة النسخ | EG-ScBUE |
| هيئة التعديل | EG-ScBUE |
| 041 0# - كود اللغة | |
| رمز اللغة: النص / المسارات الصوتية | ara |
| -- | eng |
| 082 04 - رقم تصنيف ديوي العشري | |
| اصدار خطة التصنيف | 22 |
| رقم تصنيف ديوي | 340.0 285 |
| رقم المادة | م ج ل |
| 245 00 - العنوان | |
| العنوان الفعلي | مجلة القانون والتكنولوجيا : |
| بيانات أخرى للعنوان | مجلة علمية محكمة متخصصة = Journal of law and emerging technologies : a specialised peer-reviewed scientific journal |
| 246 35 - اشكال أخرى للعنوان | |
| عنوان آخر | Journal of law and emerging technologies : |
| البيانات الأخرى للعنوان | a specialised peer-reviewed scientific journal |
| 264 #1 - | |
| مكان النشر | القاهرة : |
| الناشر | الجامعة البريطانية في مصر، كلية القانون، |
| التاريخ | 2021. |
| 300 ## - الوصف المادي | |
| التعداد | مجلد ؛ |
| اﻷبعاد | 24 سم |
| 310 ## - تتابع الصدور الحالي | |
| تتابع الصدور الحالي | نصف سنوية |
| 336 ## - Content Type | |
| source | rdacontent |
| Content Type Code | نص |
| Carrier Type Term | txt |
| 337 ## - Media Type | |
| source | rdamedia |
| Media Type Term | بدون وسيط |
| Media Type Code | n |
| 338 ## - Carrier Type | |
| source | rdacarrier |
| Carrier Type Term | مجلد |
| Carrier Type Code | nc |
| 362 0# - تواريخ النشر / التسمية التسلسلية | |
| تواريخ النشر / التسمية التسلسلية | المجلد الأول، العدد الأول (أكتوبر 2021)- |
| 500 ## - تبصرة عامة | |
| تبصرة عامة | العنوان من صفحة العنوان. |
| 505 0# - تبصرة محتويات | |
| تبصرة المحتويات | المجلد الثاني، العدد الأول (أبريل 2022) - المجلد الثاني، العدد الثاني (أكتوبر 2022) |
| 546 ## - تبصرة اللغة | |
| تبصرة اللغة | النص باللغتين العربية والإنجليزية. |
| 588 1# - وصف المصدر | |
| وصف المصدر | آخر عدد تم اصداره : المجلد الثالث، العدد الأول (أبريل 2023). |
| 650 #7 - رأس موضوع - مصطلح موضوعي | |
| مصدر رؤوس الموضوعات | BUEsh |
| الموضوع | القانون |
| تقسيم فرعي عام | معالجة البيانات |
| تقسيم فرعي شكلي | دوريات. |
| 650 #7 - رأس موضوع - مصطلح موضوعي | |
| مصدر رؤوس الموضوعات | BUEsh |
| الموضوع | التكنولوجيا |
| تقسيم فرعي عام | قوانين وتشريعات |
| تقسيم فرعي شكلي | دوريات. |
| 650 #7 - رأس موضوع - مصطلح موضوعي | |
| مصدر رؤوس الموضوعات | BUEsh |
| الموضوع | القانون والتكنولوجيا |
| تقسيم فرعي شكلي | دوريات. |
| 653 ## - مصطلح تكشيفي غير مقيد | |
| Resource For college | Law |
| Arrived date list | January2024 |
| 655 ## - مصطلح تكشيفي عام | |
| مصطلح تكشيفي عام | الدوريات |
| 710 2# - مدخل اضافي - المؤلف اسم هيئة | |
| الاسم | الجامعة البريطانية في مصر. |
| الوحدة الفرعية | كلية القانون، |
| مصطلح مرتبط | مؤلف. |
| 942 ## - مداخل إضافية خاصة بكوها | |
| مصدر خطة التصنيف أو الترفيف | Dewey Decimal Classification |
| نوع المادة | Periodical | Journal (NB) |
| علامة تسجيلة الدورية | 1 |
| حالة اﻹلغاء | مادة مفقودة | مصدر خطة التصنيف أو الترفيف | حالة التلف | غير مسموح باﻹعارة | كود المجموعة | موقع غير دائم | الموقع الحالي | موقع الترفيف | تاريخ التزويد | مصدر التزويد | إجمالي اﻹعارات | رقم الطلب بالكامل | رقم النسخة | آخر تاريخ للعرض | السعر فعال من تاريخ | نوع المادة في كوها | ملاحظة عامة |
|---|---|---|---|---|---|---|---|---|---|---|---|---|---|---|---|---|---|
| Dewey Decimal Classification | Reference | Central Library | Central Library | First floor | 22/01/2024 | كلية القانون بالجامعة البريطانية في مصر | 340.0285 م ج ل | 000056947 | 15/07/2025 | 22/01/2024 | Periodical | Journal (NB) | مج. 1، ع. 1 | |||||
| Dewey Decimal Classification | Reference | Central Library | Central Library | First floor | 22/01/2024 | كلية القانون بالجامعة البريطانية في مصر | 340.0285 م ج ل | 000056948 | 15/07/2025 | 22/01/2024 | Periodical | Journal (NB) | مج. 1، ع. 1 | |||||
| Dewey Decimal Classification | Reference | Central Library | Central Library | First floor | 22/01/2024 | كلية القانون بالجامعة البريطانية في مصر | 340.0285 م ج ل | 000056949 | 15/07/2025 | 22/01/2024 | Periodical | Journal (NB) | مج. 1، ع. 1 | |||||
| Dewey Decimal Classification | Reference | Central Library | Central Library | First floor | 22/01/2024 | كلية القانون بالجامعة البريطانية في مصر | 340.0285 م ج ل | 000056950 | 15/07/2025 | 22/01/2024 | Periodical | Journal (NB) | مج. 1، ع. 1 | |||||
| Dewey Decimal Classification | Reference | Central Library | Central Library | First floor | 22/01/2024 | كلية القانون بالجامعة البريطانية في مصر | 340.0285 م ج ل | 000056951 | 15/07/2025 | 22/01/2024 | Periodical | Journal (NB) | مج. 2، ع. 1 | |||||
| Dewey Decimal Classification | Reference | Central Library | Central Library | First floor | 22/01/2024 | كلية القانون بالجامعة البريطانية في مصر | 340.0285 م ج ل | 000056952 | 15/07/2025 | 22/01/2024 | Periodical | Journal (NB) | مج. 2، ع. 1 | |||||
| Dewey Decimal Classification | Reference | Central Library | Central Library | First floor | 22/01/2024 | كلية القانون بالجامعة البريطانية في مصر | 340.0285 م ج ل | 000056953 | 15/07/2025 | 22/01/2024 | Periodical | Journal (NB) | مج. 2، ع. 1 | |||||
| Dewey Decimal Classification | Reference | Central Library | Central Library | First floor | 22/01/2024 | كلية القانون بالجامعة البريطانية في مصر | 340.0285 م ج ل | 000056954 | 15/07/2025 | 22/01/2024 | Periodical | Journal (NB) | مج. 2، ع. 1 | |||||
| Dewey Decimal Classification | Reference | Central Library | Central Library | First floor | 22/01/2024 | كلية القانون بالجامعة البريطانية في مصر | 340.0285 م ج ل | 000056955 | 15/07/2025 | 22/01/2024 | Periodical | Journal (NB) | مج. 2، ع. 2 | |||||
| Dewey Decimal Classification | Reference | Central Library | Central Library | First floor | 22/01/2024 | كلية القانون بالجامعة البريطانية في مصر | 340.0285 م ج ل | 000056956 | 15/07/2025 | 22/01/2024 | Periodical | Journal (NB) | مج. 2، ع. 2 | |||||
| Dewey Decimal Classification | Reference | Central Library | Central Library | First floor | 22/01/2024 | كلية القانون بالجامعة البريطانية في مصر | 340.0285 م ج ل | 000056957 | 15/07/2025 | 22/01/2024 | Periodical | Journal (NB) | مج. 3، ع. 1 | |||||
| Dewey Decimal Classification | Reference | Central Library | Central Library | First floor | 22/01/2024 | كلية القانون بالجامعة البريطانية في مصر | 340.0285 م ج ل | 000056958 | 15/07/2025 | 22/01/2024 | Periodical | Journal (NB) | مج. 3، ع. 1 |